| 000 | 00934nam a22002297a 4500 | ||
|---|---|---|---|
| 003 | URS | ||
| 005 | 20220711114929.0 | ||
| 008 | 220711b ||||| |||| 00| 0 eng d | ||
| 100 |
_91997 _aBolado, Elieza C. _eauthor |
||
| 245 |
_aGender equality on the recruitment, selection, and hiring practices of Anson @Home Inc. in Ortigas Center Pasig City _cElieza C. Bolado, Maelene B. Musico, Erika Mae L. Regondola |
||
| 260 | _c2021 | ||
| 300 |
_axiii _c28 cm |
||
| 336 |
_2rdacontent _atext |
||
| 337 |
_2rdamedia _aunmediated |
||
| 338 |
_2rdacarrier _avolume |
||
| 502 |
_aThesis _bBachelor of Science in Business Administration Major in Human Resource Management _cUniversity of Rizal System, Binangonan _d2021 |
||
| 504 | _aIncludes bibliographical references. | ||
| 700 |
_91998 _aMusico, Maelene B. _eauthor |
||
| 700 |
_91999 _aRegondola, Erika Mae L. _eauthor |
||
| 700 |
_91679 _aAlbert Q. Clemente, MM _eadviser |
||
| 942 |
_2lcc _cT |
||
| 999 |
_c58338 _d58338 |
||